| 000 | 00783nam a2200277 a 4500 | ||
|---|---|---|---|
| 003 | AR-BaBNM | ||
| 005 | 20251128203050.0 | ||
| 008 | 082120s2002 ||||||||||||||000 | spa|| | ||
| 040 | _cAR-BaBNM | ||
| 100 | 1 | _aCirigliano, Gustavo F.J. | |
| 245 | 0 | 0 |
_aProyecto de país _baportes para los docentes |
| 260 |
_aBuenos Aires _bDocencia _c1987 |
||
| 300 | _a37 p. | ||
| 490 | 0 | _aCongreso Pedagógico. Compromiso y creatividad | |
| 504 | _aBibliografía: p. 34-35 | ||
| 650 | 4 | _aESTADO Y EDUCACION | |
| 650 | 4 | _aFINALIDADES DE LA EDUCACION | |
| 650 | 4 | _aFUTURO DE LA EDUCACION | |
| 650 | 4 | _aSIGLO VEINTIUNO | |
| 650 | 4 | _aVALORES | |
| 650 | 4 | _aIGLESIA Y EDUCACION | |
| 651 | 4 | _aArgentina | |
| 800 | 1 |
_aGómez de Mier, Eugenio _ecoordinador |
|
| 942 | _cBK | ||
| 998 | _csilvi | ||
| 999 |
_c1730 _d1730 |
||